| 000 | 00776nam a22002417a 4500 | ||
|---|---|---|---|
| 005 | 20170124105942.0 | ||
| 010 | _aA-334402 | ||
| 020 |
_c00.00 _a8120802772 |
||
| 035 | _aA-334402 | ||
| 037 | _bCen Lib/Ret | ||
| 040 |
_aDPL _bEN |
||
| 082 |
_a230.35 _bSAN |
||
| 245 |
_aThe sants : _cedited by Karine Schomer [and] W.H. Mcleod _b studies in a devotional tradition of india / |
||
| 260 | h |
_aDelhi _bMotilal Banarasidas _c1987 |
|
| 270 |
_bDelhi _e110007 _aJawahar Nagar |
||
| 300 |
_aviii, 472p. _c21cm(Hb) |
||
| 500 | _aIncludes bibliographical references and index | ||
| 650 |
_aHinduism _y _991274 |
||
| 650 |
_aSant tradition _911437 |
||
| 700 |
_aSchomer, Karine _911438 |
||
| 700 |
_aMcLeod, W.H. _911439 |
||
| 942 |
_2ddc _cEN _h230.35 _mSCH |
||
| 999 |
_c124633 _d124633 |
||